000 00230nam a22000977a 4500
008 230629b xxu||||| |||| 00| 0 eng d
082 _a338.9
_bROK
245 _aDistrict Focus for Rural Development
300 _a23p
942 _2ddc
_cBK
999 _c3000
_d3000